| 000 -LEADER |
| fixed length control field |
00537nam a22001937a 4500 |
| 008 - FIXED-LENGTH DATA ELEMENTS--GENERAL INFORMATION |
| fixed length control field |
131031b xxu||||| |||| 00| 0 ger d |
| 020 ## - INTERNATIONAL STANDARD BOOK NUMBER |
| International Standard Book Number |
3817471637 |
| 041 0# - LANGUAGE CODE |
| Language code of text/sound track or separate title |
ger |
| 080 ## - UNIVERSAL DECIMAL CLASSIFICATION NUMBER |
| Universal Decimal Classification number |
33 |
| Common auxiliary subdivision |
(=111)(038) |
| 100 1# - Rafti |
| Rafti |
Tilley, Robert |
| 245 ## - TITLE STATEMENT |
| Title |
Fit for Business English : |
| Statement of responsibility, etc |
Robert Tilley |
| 260 ## - |
| -- |
Munchen : |
| -- |
Compact Verlag ; |
| -- |
2001. |
| 300 ## - |
| -- |
160 f. : |
| -- |
me il. ; |
| -- |
19 cm. |
| 500 ## - |
| -- |
Vorwort : f. 3 |
| 650 ## - |
| -- |
Fjalorë terminologjik |
| 650 ## - |
| -- |
Gjuha angleze |
| 650 ## - |
| -- |
Biznesi |
| 942 ## - ADDED ENTRY ELEMENTS (KOHA) |
| Source of classification or shelving scheme |
|
| Item type |
Books |